| 000 | 00855nam a22002417a 4500 | ||
|---|---|---|---|
| 003 | UA-OsUOA | ||
| 001 | 59005 | ||
| 007 | ta | ||
| 008 | 20090304b un ||||| |||| 00| 0 ukr d | ||
| 100 | _aФаріон І. | ||
| 090 |
_a81'374.4 _bФ24 |
||
| 942 | _cBK | ||
| 040 |
_aUA-OsUOA _bukr _cUA-OsUOA _dUA-OsUOA |
||
| 245 | _aУкраїнські прізвищеві назви Прикарпатської Львівщини наприкінці ХVІІІ-початку ХІХ століття (з етимологічним словником) | ||
| 300 | _a371 с. | ||
| 955 | _a1 | ||
| 041 | _aukr | ||
| 080 | _a81'374.4 | ||
| 020 | _a966-7007-30-2 | ||
| 260 |
_aЛьвів _bЛітопис _c2001 |
||
| 650 | 7 |
_a8 Мовознавство. Художня література. Літературознавство _2UDC |
|
| 999 |
_c345088 _d345088 |
||